| 000 | 00479nam a2200169Ia 4500 | ||
|---|---|---|---|
| 999 |
_c16181 _d16181 |
||
| 082 | _aTP.0271 | ||
| 100 | _aPatankar, Bhanjibhai | ||
| 245 | 0 | _aKailasa : A cultural study | |
| 260 |
_c1973 _bNagpur University |
||
| 300 | _a161p. | ||
| 650 | _aCAVE TEMPLES - INDIA///KAILASA TEMPLE | ||
| 650 | _aKAILASA TEMPLE | ||
| 650 | _aTEMPLES - MAHARASHTRA - AURANGABAD///KAILASA TEMPLE | ||
| 650 | _aELLORA CAVES (INDIA)///KAILASA TEMPLE | ||
| 710 | _aDeo, S.B. | ||
| 942 |
_cTH _2ddc |
||